[Event "George Trundle Reserves"]
[Site "Auckland"]
[Date "2020.01.12"]
[Round "9"]
[White "Ning, Isabelle Yixuan"]
[Black "Gibbons, Robert"]
[Result "1/2-1/2"]
[WhiteElo "1662"]
[BlackElo "1866"]
[PlyCount "114"]
[EventDate "2020.01.04"]
[EventType "tourn"]
[EventRounds "9"]
[EventCountry "NZL"]
[SourceTitle "EXT 2021"]
[Source "ChessBase"]
[SourceDate "2020.10.23"]
[SourceVersion "1"]
[SourceVersionDate "2020.10.23"]
[SourceQuality "1"]

1. d4 d5 2. Bf4 Nf6 3. e3 e6 4. c3 Bd6 5. Bg3 Ne4 6. Nd2 Nxg3 7. hxg3 Nc6 8. Ngf3 e5 9. dxe5 Nxe5 10. Nxe5 Bxe5 11. Nf3 Bf6 12. Bd3 h6 13. Qc2 c6 14. 0-0-0 Be6 15. Nd4 Bxd4 16. exd4 Qd7 17. f4 g6 18. Rhe1 0-0-0 19. Re5 Bg4 20. Rde1 Rhe8 21. Qa4 Kb8 22. Be2 Rxe5 23. fxe5 Bxe2 24. Rxe2 Qf5 25. Qc2 Qxc2+ 26. Kxc2 Kc8 27. Rf2 Rf8 28. Rf6 Kd8 29. Kd3 Ke7 30. Ke3 Re8 31. Kf4 Kf8 32. g4 Re6 33. g5 Rxf6+ 34. exf6 hxg5+ 35. Kxg5 Ke8 36. Kh6 Kd7 37. g4 b6 38. b4 g5 39. a4 b5 40. a5 Ke6 41. Kxg5 a6 42. Kf4 Kxf6 43. g5+ Kg6 44. Kg4 f6 45. gxf6 Kxf6 46. Kf4 Ke6 47. Kg5 Ke7 48. Kg6 Ke6 49. Kg5 Ke7 50. Kg4 Kf6 51. Kf4 Ke6 52. Kg5 Ke7 53. Kf5 Kf7 54. Ke5 Ke7 55. Kf4 Kf6 56. Kg4 Kg6 57. Kf4 Kf6 1/2-1/2

[Event "NZL-ch Major op"]
[Site "Auckland"]
[Date "2019.01.22"]
[Round "9"]
[White "Hall, Nathan"]
[Black "Gibbons, Robert"]
[Result "1/2-1/2"]
[WhiteElo "1889"]
[BlackElo "1860"]
[PlyCount "33"]
[EventDate "2019.01.14"]
[EventType "swiss"]
[EventRounds "9"]
[EventCountry "NZL"]
[SourceTitle "CBM 189 Extra"]
[Source "ChessBase"]
[SourceDate "2019.06.03"]
[SourceVersion "1"]
[SourceVersionDate "2019.06.03"]
[SourceQuality "1"]

1. e4 e5 2. Nf3 Nc6 3. Bc4 Bc5 4. c3 Nf6 5. d4 exd4 6. e5 Ng8 7. cxd4 Bb4+ 8. Nc3 d5 9. exd6 cxd6 10. 0-0 Bxc3 11. bxc3 d5 12. Re1+ Nge7 13. Bb5 0-0 14. Ba3 Re8 15. Ne5 Bd7 16. Bd3 Be6 17. Rb1 1/2-1/2

[Event "NZL-ch Major op"]
[Site "Auckland"]
[Date "2019.01.14"]
[Round "1"]
[White "Gibbons, Robert"]
[Black "Gao, Hugh Zihuai"]
[Result "1-0"]
[WhiteElo "1860"]
[BlackElo "1442"]
[PlyCount "67"]
[EventDate "2019.01.14"]
[EventType "swiss"]
[EventRounds "9"]
[EventCountry "NZL"]
[SourceTitle "CBM 189 Extra"]
[Source "ChessBase"]
[SourceDate "2019.06.03"]
[SourceVersion "1"]
[SourceVersionDate "2019.06.03"]
[SourceQuality "1"]

1. d4 Nf6 2. c4 g6 3. Nc3 Bg7 4. Nf3 0-0 5. Bg5 d6 6. Qd2 Re8 7. Rd1 a5 8. g3 c6 9. Bg2 Qc7 10. 0-0 Be6 11. d5 Bd7 12. Rfe1 Na6 13. Nd4 cxd5 14. cxd5 Rac8 15. Rc1 Qb6 16. Nf3 Nc5 17. Be3 Qc7 18. h3 Qb8 19. Nd4 Na6 20. Ncb5 Rxc1 21. Rxc1 Rc8 22. Rxc8+ Qxc8 23. Qxa5 Bxb5 24. Qxb5 Nc7 25. Qc4 Nd7 26. Nb5 Nc5 27. b4 Nxb5 28. bxc5 Nc3 29. c6 b5 30. Qb3 e6 31. dxe6 fxe6 32. Bd2 Nd5 33. Bxd5 exd5 34. Qxd5+ 1-0

[Event "NZL-ch Seniors"]
[Site "Mount Maunganui"]
[Date "2017.09.03"]
[Round "5"]
[White "Milligan, Helen"]
[Black "Gibbons, Robert"]
[Result "1-0"]
[WhiteElo "2007"]
[BlackElo "1956"]
[PlyCount "81"]
[EventDate "2017.09.01"]
[EventType "swiss"]
[EventRounds "6"]
[EventCountry "NZL"]
[SourceTitle "EXT 2019"]
[Source "ChessBase"]
[SourceDate "2018.10.10"]
[SourceVersion "1"]
[SourceVersionDate "2018.10.10"]
[SourceQuality "1"]

1. e4 e5 2. Nf3 Nf6 3. Nxe5 d6 4. Nf3 Nxe4 5. d4 d5 6. Bd3 Nc6 7. 0-0 Be7 8. Re1 Bf5 9. Nc3 Nxc3 10. bxc3 Bxd3 11. Qxd3 0-0 12. Rb1 Na5 13. Qf5 b6 14. Bf4 g6 15. Qh3 Bf6 16. Qg3 Rc8 17. h4 Nc4 18. h5 Nd6 19. Ne5 Nf5 20. Qh3 c6 21. Ng4 Bg7 22. Be5 Qh4 23. Qxh4 Nxh4 24. Bxg7 Kxg7 25. h6+ Kh8 26. Re7 c5 27. Rxa7 cxd4 28. Rxb6 Nf5 29. cxd4 Ra8 30. Rd7 Nxd4 31. Rbb7 Ne6 32. Nf6 Nd8 33. Rbc7 d4 34. Kh2 g5 35. Rd6 Rb8 36. a4 g4 37. a5 Nb7 38. Rb6 Nxa5 39. Rxb8 Rxb8 40. Rxf7 Rb7 41. Rf8# 1-0

[Event "NZL-ch Seniors"]
[Site "Mount Maunganui"]
[Date "2017.09.01"]
[Round "2"]
[White "Dive, Russell John"]
[Black "Gibbons, Robert"]
[Result "1-0"]
[WhiteElo "2294"]
[BlackElo "1956"]
[PlyCount "45"]
[EventDate "2017.09.01"]
[EventType "swiss"]
[EventRounds "6"]
[EventCountry "NZL"]
[SourceTitle "EXT 2019"]
[Source "ChessBase"]
[SourceDate "2018.10.10"]
[SourceVersion "1"]
[SourceVersionDate "2018.10.10"]
[SourceQuality "1"]

1. Nf3 Nf6 2. c4 c5 3. g3 Nc6 4. Bg2 e5 5. 0-0 d6 6. Nc3 Be7 7. Ne1 Be6 8. Nd5 0-0 9. Nc2 Re8 10. Nce3 Rb8 11. a3 Nd4 12. b4 b5 13. d3 a5 14. bxc5 dxc5 15. Nxe7+ Rxe7 16. cxb5 Bb3 17. Qd2 a4 18. Bb2 Rxb5 19. Rac1 e4 20. Bxd4 cxd4 21. dxe4 Nxe4 22. Qxd4 Nd6 23. Qxd6 1-0

[Event "Hamilton Waikato op"]
[Site "Hamilton"]
[Date "2017.08.13"]
[Round "5"]
[White "Gibbons, Robert"]
[Black "Seabrook, Roy"]
[Result "1-0"]
[WhiteElo "1950"]
[BlackElo "1814"]
[PlyCount "115"]
[EventDate "2017.08.11"]
[EventType "swiss"]
[EventRounds "6"]
[EventCountry "NZL"]
[SourceTitle "CBM 180 Extra"]
[Source "ChessBase"]
[SourceDate "2017.10.06"]
[SourceVersion "1"]
[SourceVersionDate "2017.10.06"]
[SourceQuality "1"]

1. f4 Nf6 2. Nf3 e6 3. e3 b6 4. Be2 Be7 5. 0-0 0-0 6. d3 Bb7 7. e4 d6 8. b3 Nbd7 9. Bb2 e5 10. fxe5 dxe5 11. Nxe5 Nxe5 12. Bxe5 Re8 13. Bb2 Bc5+ 14. Kh1 Qe7 15. Nd2 Rad8 16. Bf3 h6 17. Qe2 Nd5 18. Rae1 Ne3 19. Nc4 Nxf1 20. Rxf1 Qg5 21. Bc1 Qh4 22. Ne3 Bd6 23. g3 Qe7 24. Nf5 Qe6 25. Bg4 Qe5 26. c4 Qa5 27. Bh5 Rd7 28. Qg4 Bf8 29. Nxh6+ Kh8 30. Qxd7 Rxe4 31. Nxf7+ Kg8 32. Nh6+ Kh7 33. Qf5+ Qxf5 34. Nxf5 Re2+ 35. Bf3 Bxf3+ 36. Rxf3 Re1+ 37. Kg2 Rxc1 38. d4 Ra1 39. Ne3 Rxa2+ 40. Rf2 Rxf2+ 41. Kxf2 Kg6 42. Kf3 Bd6 43. h4 Kf6 44. g4 g6 45. g5+ Ke6 46. Ng2 c5 47. d5+ Kf5 48. Ne3+ Ke5 49. Kg4 Ke4 50. Ng2 b5 51. h5 gxh5+ 52. Kxh5 bxc4 53. bxc4 Bf8 54. Kg6 Be7 55. Kh6 Bf8+ 56. Kh7 Kd4 57. g6 Kxc4 58. d6 1-0

[Event "Hamilton Waikato op"]
[Site "Hamilton"]
[Date "2017.08.13"]
[Round "6"]
[White "Polishchuk, Kirill"]
[Black "Gibbons, Robert"]
[Result "1-0"]
[WhiteElo "2132"]
[BlackElo "1950"]
[PlyCount "61"]
[EventDate "2017.08.11"]
[EventType "swiss"]
[EventRounds "6"]
[EventCountry "NZL"]
[SourceTitle "CBM 180 Extra"]
[Source "ChessBase"]
[SourceDate "2017.10.06"]
[SourceVersion "1"]
[SourceVersionDate "2017.10.06"]
[SourceQuality "1"]

1. e4 e5 2. Nc3 Nf6 3. f4 d6 4. Nf3 exf4 5. d4 Be7 6. Bxf4 0-0 7. Bd3 Nc6 8. Qd2 Bg4 9. Qf2 Nb4 10. 0-0 Nxd3 11. cxd3 Nh5 12. Bd2 Bxf3 13. Qxf3 Bg5 14. Rad1 Bxd2 15. Rxd2 Qg5 16. Rdf2 c6 17. Qh3 Nf6 18. Rf5 Qg4 19. Qe3 Nd7 20. R1f3 Qg6 21. Rg3 Qe6 22. Qg5 g6 23. Qh6 Rfe8 24. Rh5 Nf8 25. e5 Rad8 26. Ne4 dxe5 27. Rxe5 Qxa2 28. Nf6+ Kh8 29. Nxe8 Qb1+ 30. Kf2 Qxb2+ 31. Kf3 1-0

[Event "Auckland Anniversary op"]
[Site "Auckland"]
[Date "2017.01.30"]
[Round "6"]
[White "Gibbons, Robert"]
[Black "Duneas, John"]
[Result "0-1"]
[WhiteElo "1950"]
[BlackElo "2054"]
[PlyCount "102"]
[EventDate "2017.01.27"]
[EventType "swiss"]
[EventRounds "7"]
[EventCountry "NZL"]
[SourceTitle "EXT 2018"]
[Source "ChessBase"]
[SourceDate "2017.10.13"]
[SourceVersion "1"]
[SourceVersionDate "2017.10.13"]
[SourceQuality "1"]

1. d4 Nf6 2. Nf3 d5 3. Bg5 c6 4. c3 Ne4 5. Bh4 Qb6 6. Qb3 Bf5 7. Nbd2 Nxd2 8. Nxd2 Nd7 9. f3 e5 10. Qxb6 axb6 11. dxe5 Nxe5 12. e4 dxe4 13. fxe4 Be6 14. b3 b5 15. Be2 Bd6 16. 0-0 Ba3 17. Rfb1 Bc5+ 18. Bf2 Bxf2+ 19. Kxf2 Ra3 20. Rb2 Ke7 21. Rc1 Rha8 22. Rcc2 f5 23. h3 g5 24. Nf3 Nxf3 25. Bxf3 f4 26. Bg4 Bxg4 27. hxg4 Rd8 28. Rd2 Rxd2+ 29. Rxd2 Ke6 30. g3 Ke5 31. Re2 Ra8 32. Kf3 Rf8 33. Rh2 fxg3+ 34. Kxg3 Kxe4 35. Rxh7 Rf3+ 36. Kg2 Rxc3 37. Rxb7 Kf4 38. Rf7+ Kxg4 39. Rf2 b4 40. Rd2 c5 41. Rf2 Kh4 42. Rd2 g4 43. Rf2 Rg3+ 44. Kh2 Rxb3 45. axb3 g3+ 46. Kg2 gxf2 47. Kxf2 c4 48. Ke3 c3 49. Ke2 Kg4 50. Ke3 Kg3 51. Ke2 Kf4 0-1

[Event "Asia-ch Seniors 50"]
[Site "Mandalay"]
[Date "2016.11.02"]
[Round "7"]
[White "Tin, Aung"]
[Black "Gibbons, Robert"]
[Result "0-1"]
[WhiteElo "2124"]
[BlackElo "1954"]
[PlyCount "158"]
[EventDate "2016.10.26"]
[EventType "swiss"]
[EventRounds "9"]
[EventCountry "MYA"]
[SourceTitle "CBM 175 Extra"]
[Source "ChessBase"]
[SourceDate "2016.12.12"]
[SourceVersion "1"]
[SourceVersionDate "2016.12.12"]
[SourceQuality "1"]

1. e4 d6 2. d4 Nd7 3. Bd3 e5 4. c3 Ngf6 5. Bg5 Be7 6. Ne2 0-0 7. 0-0 Re8 8. Nd2 c6 9. Ng3 h6 10. Bxf6 Bxf6 11. Nf3 Nf8 12. dxe5 dxe5 13. Qc2 Ng6 14. Rad1 Qc7 15. h3 Be6 16. Nh5 Be7 17. Nh2 Rad8 18. Be2 Qb6 19. b3 Rxd1 20. Rxd1 Rd8 21. Bg4 Bxg4 22. Nxg4 Qc7 23. Ne3 Rxd1+ 24. Qxd1 Bf8 25. Ng4 Qe7 26. Qd2 a5 27. Ng3 Nf4 28. Ne2 Ng6 29. Ne3 Qd6 30. Qxd6 Bxd6 31. Nf5 Bc5 32. Kf1 Kf8 33. g3 Ne7 34. Nxe7 Kxe7 35. Nc1 Ke6 36. Nd3 Bd6 37. Ke2 g6 38. f4 b6 39. Kf3 f6 40. Ne1 f5 41. Ng2 exf4 42. gxf4 fxe4+ 43. Kxe4 b5 44. Ne3 Bf8 45. Nc2 Bg7 46. c4 bxc4 47. bxc4 Kd6 48. Kd3 Kc5 49. Ne1 Bb2 50. Nc2 Bc1 51. Nd4 a4 52. f5 gxf5 53. Nxf5 Kb4 54. Ne7 c5 55. Nd5+ Ka3 56. Kc2 Bg5 57. Kb1 Bh4 58. Nb6 Bd8 59. Nd5 Ba5 60. Ka1 Be1 61. Kb1 Bg3 62. Ka1 Be5+ 63. Kb1 Bd4 64. Nb6 Kb4 65. Kc2 Bg7 66. Kb1 Bf6 67. Kc2 Bd8 68. a3+ Kxa3 69. Nd5 Bh4 70. Nb6 Bf6 71. Nd5 Bd4 72. h4 Bf2 73. h5 Bd4 74. Ne7 Kb4 75. Nf5 a3 76. Kb1 Kb3 77. Nxd4+ cxd4 78. c5 a2+ 79. Ka1 d3 0-1

[Event "Asia-ch Seniors 50"]
[Site "Mandalay"]
[Date "2016.10.27"]
[Round "1"]
[White "Zamahari, Abang Draup"]
[Black "Gibbons, Robert"]
[Result "0-1"]
[WhiteElo "1593"]
[BlackElo "1954"]
[PlyCount "68"]
[EventDate "2016.10.26"]
[EventType "swiss"]
[EventRounds "9"]
[EventCountry "MYA"]
[SourceTitle "CBM 175 Extra"]
[Source "ChessBase"]
[SourceDate "2016.12.12"]
[SourceVersion "1"]
[SourceVersionDate "2016.12.12"]
[SourceQuality "1"]

1. e4 e5 2. f4 d5 3. Nf3 exf4 4. exd5 Nf6 5. Bc4 Nxd5 6. d3 Be6 7. Bxd5 Bxd5 8. Bxf4 Qf6 9. Be5 Bxf3 10. Bxf6 Bxd1 11. Kxd1 gxf6 12. Re1+ Kd7 13. Nc3 Bb4 14. Kd2 Rg8 15. g3 Nc6 16. a3 Bxc3+ 17. Kxc3 Rae8 18. Re4 Rxe4 19. dxe4 Ke6 20. Re1 Rd8 21. Re3 Rd1 22. h4 Ne5 23. b3 Rf1 24. a4 Rf3 25. Rxf3 Nxf3 26. Kd3 Ke5 27. c4 c5 28. a5 Nd4 29. Kc3 Ne2+ 30. Kb2 Nxg3 31. Ka3 Nxe4 32. b4 Kd4 33. bxc5 Nxc5 34. Kb4 f5 0-1

[Event "Fiji op 2nd"]
[Site "Suva"]
[Date "2016.08.16"]
[Round "6"]
[White "Chibnall, Alana"]
[Black "Gibbons, Robert"]
[Result "1/2-1/2"]
[WhiteElo "1887"]
[BlackElo "1989"]
[PlyCount "59"]
[EventDate "2016.08.14"]
[EventType "swiss"]
[EventRounds "7"]
[EventCountry "FIJ"]
[SourceTitle "CBM 174 Extra"]
[Source "ChessBase"]
[SourceDate "2016.10.10"]
[SourceVersion "1"]
[SourceVersionDate "2016.10.10"]
[SourceQuality "1"]

1. e4 e5 2. Nf3 Nf6 3. Nxe5 d6 4. Nf3 Nxe4 5. d4 d5 6. Bd3 Nc6 7. 0-0 Be7 8. Re1 Bf5 9. Nbd2 Nd6 10. Nf1 0-0 11. Bf4 Bxd3 12. Qxd3 Bf6 13. Ne3 Ne7 14. Ng4 Ng6 15. Nxf6+ Qxf6 16. Bg5 Qf5 17. Qxf5 Nxf5 18. g4 Nd6 19. Be7 Nxe7 20. Rxe7 Rac8 21. Rae1 Rfe8 22. Rxe8+ Rxe8 23. Rxe8+ Nxe8 24. Nd2 f6 25. f3 Kf7 26. Kf2 Ke6 27. Ke3 Nd6 28. b3 c6 29. h4 h6 30. c3 1/2-1/2